| 000 | 02242nam a2200385 c 4500 | ||
|---|---|---|---|
| 003 | BLK | ||
| 005 | 20180422101815.0 | ||
| 008 | 180408b bul|||||r ||||||| ||bul|| | ||
| 010 | _aKNG00058229000 | ||
| 020 |
_a954-9915-11-5 _bиздат.: Вергилий Кръстев - на том(т. 20) |
||
| 040 | _aBLK | ||
| 041 |
_aBUL _cBUL |
||
| 080 |
_aФилософски мистицизъм. Ранни езотерични школи. Кабала. Теософия. Антропософия. Суфизъм. Еклектизъм. Синкретизъм. Херметизъм. Розенкройцерство. Др. школи _b141.33 _x(497.2)(092)(093.3) _z141.33(497.2)(092)(093.3) |
||
| 080 |
_aРелигия и наука. Теология и философия. Знание и вяра. Конфликт между църквата и науката Вж и 001;1;291. 1;234; 239 _b215 _x(497.2)(092)(093.3) _z215(497.2)(092)(093.3) |
||
| 080 |
_aБиографии _b929 _x(497.2) _z929(497.2) |
||
| 700 | 1 |
_aКръстев, Вергилий Николов _eсъбр. и записал _9368999 |
|
| 139 |
_aИзгревът на Бялото братство пее и свири, учи и живее _bИ 39 |
||
| 245 | 1 | 0 |
_aИзгревът на Бялото братство пее и свири, учи и живее _bСпомени на съвременници и последователи на всемирния учител Беинса Дуно : Сб. Т. 1 - _cсъбр. и записал Вергилий Николов Кръстев. _nТ. 20 |
| 257 | _aBGR | ||
| 260 |
_аСофия _c1993 - |
||
| 300 | _c24 см | ||
| 380 | _a1 | ||
| 490 | 1 | _aБиблиотека Житен клас | |
| 500 | _aОфс. изд. | ||
| 650 | 4 |
_aДъновизъм - България - спомени и документи _9251626 |
|
| 653 | _aдъновизъм | ||
| 653 | _aспомени | ||
| 653 | _aБялото братство | ||
| 760 | 1 |
_3- на том(т. 20) _dВергилий Кръстев, 2004 _h1044 с., 40 л. : ил. _tТ. 20 |
|
| 852 | _aЦб 175715 | ||
| 856 | 4 |
_qpdf _u |
|
| 856 | 4 |
_qpdf _u |
|
| 942 |
_cKNG _n0 |
||
| 944 |
_aCR _c09.02.2006 _lф / _kЛюдмила_Стоянова |
||
| 944 |
_aED _c21.02.2014 _lф / _k |
||
| 999 |
_c54281 _d54281 |
||